| 000 | 00394 a2200133 4500 | ||
|---|---|---|---|
| 001 | 92524 | ||
| 082 | _aPR 2558 | ||
| 090 |
_c44497 _d44498 |
||
| 100 | _aShahan Qamar ; Prof Ali Sarosh and Prof Babar Saeed (Advisors) | ||
| 245 |
_aTo study the Feasibility of Running JP-8 Fuel in Diesel Engine _n79 EC "A" |
||
| 260 |
_aIslamabad _bNUST _c2015 |
||
| 300 | _a60p. | ||
| 500 | _aBeE Project Report | ||
| 942 |
_aCAE NUST _kPR 2558 |
||
| 999 |
_c327597 _d327597 |
||